[Event "Veneto Province-ch qf 82nd"]
[Site "Ceregnano"]
[Date "2023.05.27"]
[Round "3.11"]
[White "Buqa, Brajan"]
[Black "Uncini, Alessandro"]
[Result "1-0"]
[WhiteElo "1668"]
[BlackElo "1225"]
[PlyCount "51"]
[EventDate "2023.05.26"]
[EventType "swiss"]
[EventRounds "5"]
[EventCountry "ITA"]
[SourceTitle "EXT 2024"]
[Source "ChessBase"]
[SourceDate "2023.10.10"]
[SourceVersion "1"]
[SourceVersionDate "2023.10.10"]
[SourceQuality "1"]

1. c4 Nf6 2. Nc3 e6 3. e4 d5 4. e5 Nfd7 5. d4 c5 6. cxd5 exd5 7. Nf3 Nb6 8. Bg5 Be7 9. dxc5 Bxg5 10. cxb6 axb6 11. Bb5+ Nc6 12. Qxd5 Qxd5 13. Nxd5 Bd8 14. 0-0 0-0 15. h3 Be6 16. Nc3 Bc7 17. Rfe1 Nb4 18. Nd4 Rfd8 19. Nxe6 fxe6 20. Rac1 Nxa2 21. Nxa2 Rxa2 22. Rxc7 Rd2 23. Bc4 Raxb2 24. Bxe6+ Kf8 25. Rf7+ Ke8 26. Rc1 1-0